[Event "LiSB-ch B"]
[Site "Stein"]
[Date "2000.12.03"]
[Round "7"]
[White "Metsemakers, Peter"]
[Black "Spronkmans, Stefan"]
[Result "1-0"]
[WhiteElo "1717"]
[BlackElo "1742"]
[PlyCount "45"]
[EventDate "2000.11.25"]
[EventType "swiss"]
[EventRounds "7"]
[EventCountry "NED"]
[Source "P.Boonen"]
[SourceDate "2012.01.01"]

1. e4 c5 2. Nf3 e6 3. c4 Nc6 4. Nc3 d6 5. d3 Nf6 6. g3 Be7 7. Bg2 O-O 8. O-O a6
9. b3 Qc7 10. Bb2 b6 11. Re1 Bb7 12. d4 cxd4 13. Nxd4 Rad8 14. Nc2 Ne5 15. Ne3
Ned7 16. Qc2 Nc5 17. Rad1 Bc6 18. Rd2 b5 19. b4 Ncd7 20. cxb5 Bxb5 21. Ncd5 Qb7
22. Nxe7+ Kh8 23. e5 1-0

[Event "LiSB-ch B"]
[Site "Stein"]
[Date "2000.12.03"]
[Round "7"]
[White "Moonen, Hans"]
[Black "Snoeck, Rene"]
[Result "0-1"]
[WhiteElo "1857"]
[BlackElo "1784"]
[PlyCount "72"]
[EventDate "2000.11.25"]
[EventType "swiss"]
[EventRounds "7"]
[EventCountry "NED"]
[Source "P.Boonen"]
[SourceDate "2012.01.01"]

1. e4 c6 2. d4 d5 3. Nc3 g6 4. Be3 Bg7 5. Be2 a6 6. h4 h5 7. Nh3 Bxh3 8. Rxh3
e6 9. Qd2 Nf6 10. f3 dxe4 11. Bg5 e3 12. Qxe3 Qa5 13. O-O-O b5 14. Kb1 Nd5 15.
Nxd5 cxd5 16. Bd3 Kd7 17. Qf4 Rf8 18. g4 Nc6 19. Bf6 Bxf6 20. Qxf6 Nb4 21. a3
Nc6 22. gxh5 gxh5 23. f4 b4 24. Be2 Rab8 25. axb4 Rxb4 26. Bxh5 Ra4 27. c3 Rb8
28. Qxf7+ Ne7 29. Kc2 Ra2 30. Kd2 Qb5 31. Rb1 Rxb2+ 32. Rxb2 Qxb2+ 33. Ke1 Qb1+
34. Kf2 Rg8 35. Re3 Qg1+ 36. Ke2 Rg2+ 0-1

[Event "LiSB-ch B"]
[Site "Stein"]
[Date "2000.12.03"]
[Round "7"]
[White "Van Alphen, Raimund"]
[Black "Boonen, Piet"]
[Result "1/2-1/2"]
[WhiteElo "1825"]
[BlackElo "1955"]
[PlyCount "58"]
[EventDate "2000.11.25"]
[EventType "swiss"]
[EventRounds "7"]
[EventCountry "NED"]
[Source "P.Boonen"]
[SourceDate "2012.01.01"]

1. e4 c5 2. Nf3 Nc6 3. d4 cxd4 4. Nxd4 Nf6 5. Nc3 e5 6. Ndb5 d6 7. Bg5 a6 8.
Na3 b5 9. Nd5 Be7 10. Bxf6 Bxf6 11. c3 O-O 12. Nc2 Be6 13. Nce3 Bg5 14. Bd3
Bxe3 15. Nxe3 g6 16. O-O Qg5 17. Be2 Qd8 18. Bf3 Ne7 19. Qd2 Qb6 20. a4 Rad8
21. axb5 axb5 22. Ra3 Ra8 23. Rfa1 Rxa3 24. Rxa3 Rd8 25. Ra1 Kg7 26. Rd1 Bb3
27. Ra1 Be6 28. Rd1 Bb3 29. Ra1 Be6 1/2-1/2

[Event "LiSB-ch C"]
[Site "Stein"]
[Date "2000.11.25"]
[Round "1"]
[White "Goossens, Frans"]
[Black "Schoffelen, Jan"]
[Result "1-0"]
[WhiteElo "1611"]
[BlackElo "1285"]
[PlyCount "63"]
[EventDate "2000.11.25"]
[EventType "swiss"]
[EventRounds "7"]
[EventCountry "NED"]
[Source "P.Boonen"]
[SourceDate "2012.01.01"]

1. d4 Nf6 2. c4 e6 3. Nc3 Bb4 4. Bd2 c5 5. Nf3 Nc6 6. e3 cxd4 7. exd4 O-O 8.
Bd3 Bxc3 9. Bxc3 d5 10. Qc2 dxc4 11. Bxc4 Nd5 12. O-O Ncb4 13. Qd2 a5 14. a3
Nxc3 15. axb4 Nd5 16. bxa5 b6 17. a6 Ra7 18. b4 Qd6 19. b5 Bd7 20. Rab1 Rc8 21.
Rfc1 Ne7 22. Ne5 Rcc7 23. Be2 Rxc1+ 24. Rxc1 Be8 25. Qb2 Nd5 26. Nc6 Bxc6 27.
Rxc6 Qd7 28. Qc1 Rc7 29. a7 Qc8 30. Rxc7 Nxc7 31. Qxc7 Qa8 32. Qb8+ 1-0

[Event "LiSB-ch C"]
[Site "Stein"]
[Date "2000.11.25"]
[Round "1"]
[White "Janssen, Ben"]
[Black "Dols, Jos"]
[Result "0-1"]
[WhiteElo "1673"]
[BlackElo "1562"]
[PlyCount "58"]
[EventDate "2000.11.25"]
[EventType "swiss"]
[EventRounds "7"]
[EventCountry "NED"]
[Source "P.Boonen"]
[SourceDate "2012.01.01"]

1. e4 c5 2. Nc3 e6 3. g3 Nc6 4. Bg2 g6 5. Nge2 Bg7 6. d3 a6 7. Be3 e5 8. Bxc5
d6 9. Be3 Be6 10. d4 exd4 11. Nxd4 Nxd4 12. Bxd4 f6 13. O-O Ne7 14. Qd2 O-O 15.
Rfd1 Qc7 16. Be3 Rad8 17. Bh6 Rd7 18. Bxg7 Kxg7 19. Qe2 Rc8 20. Rd2 Nc6 21.
Rad1 Ne5 22. Nd5 Bxd5 23. exd5 Rcd8 24. b3 Re7 25. Re1 Rde8 26. Qd1 Nf3+ 27.
Qxf3 Rxe1+ 28. Bf1 Qe7 29. Kg2 Rxf1 0-1

[Event "LiSB-ch C"]
[Site "Stein"]
[Date "2000.11.25"]
[Round "1"]
[White "Te Boekhorst, Rene"]
[Black "Van Rens, Martin"]
[Result "0-1"]
[WhiteElo "1342"]
[BlackElo "1420"]
[PlyCount "72"]
[EventDate "2000.11.25"]
[EventType "swiss"]
[EventRounds "7"]
[EventCountry "NED"]
[Source "P.Boonen"]
[SourceDate "2012.01.01"]

1. Nf3 c5 2. c4 Nc6 3. e3 d6 4. Be2 g6 5. Nc3 Bg7 6. a3 Nf6 7. d3 e6 8. Rb1 a5
9. Bd2 Rb8 10. Ne4 Nxe4 11. dxe4 O-O 12. Bc3 Bxc3+ 13. bxc3 e5 14. Nd2 Qe8 15.
Bg4 Kg7 16. Bxc8 Qxc8 17. a4 Qd7 18. O-O Ne7 19. f4 f5 20. fxe5 dxe5 21. Nf3
Qc7 22. Ng5 Rf6 23. exf5 Nxf5 24. Qf3 h6 25. e4 hxg5 26. exf5 Rxf5 27. Qe4
Rxf1+ 28. Rxf1 Qe7 29. Rb1 b6 30. Re1 Re8 31. Qc6 Qe6 32. Qe4 Qf5 33. Qb7+ Kh6
34. Qxb6 e4 35. Re3 Rf8 36. Qb1 Qf2+ 0-1

[Event "LiSB-ch C"]
[Site "Stein"]
[Date "2000.11.25"]
[Round "2"]
[White "Hornix, Mat"]
[Black "Goossens, Frans"]
[Result "0-1"]
[WhiteElo "1512"]
[BlackElo "1611"]
[PlyCount "92"]
[EventDate "2000.11.25"]
[EventType "swiss"]
[EventRounds "7"]
[EventCountry "NED"]
[Source "P.Boonen"]
[SourceDate "2012.01.01"]

1. e4 c5 2. Nf3 d6 3. d4 cxd4 4. Nxd4 Nf6 5. Nc3 a6 6. Be2 e6 7. Bg5 Be7 8. O-O
O-O 9. Qd2 Nc6 10. Nb3 Qc7 11. a4 b6 12. f3 Bb7 13. Bf4 Rfd8 14. Rfd1 Nh5 15.
Be3 Nf6 16. Qe1 Rac8 17. Qf2 Rd7 18. Bxb6 Qb8 19. Nc5 dxc5 20. Bxc5 Rxd1+ 21.
Rxd1 Bxc5 22. Qxc5 Qa7 23. Qxa7 Nxa7 24. e5 Nd5 25. Kf2 Nxc3 26. bxc3 Nc6 27.
Rd7 Rb8 28. f4 Kf8 29. Bf3 Na5 30. Bxb7 Nxb7 31. Ke3 Ke8 32. Rc7 Nd8 33. Ra7
Rb6 34. Ra8 Kd7 35. Ra7+ Kc8 36. Ra8+ Kc7 37. Kd3 Rc6 38. Kd2 f6 39. Kd3 fxe5
40. fxe5 Nb7 41. Kd4 Kb6 42. Rb8 Rc7 43. c4 Rd7+ 44. Kc3 Rd8 45. Rxd8 Nxd8 46.
Kd4 Nc6+ 0-1

[Event "LiSB-ch C"]
[Site "Stein"]
[Date "2000.11.25"]
[Round "2"]
[White "Schoffelen, Jan"]
[Black "Te Boekhorst, Rene"]
[Result "1-0"]
[WhiteElo "1285"]
[BlackElo "1342"]
[PlyCount "73"]
[EventDate "2000.11.25"]
[EventType "swiss"]
[EventRounds "7"]
[EventCountry "NED"]
[Source "P.Boonen"]
[SourceDate "2012.01.01"]

1. d4 d5 2. c4 Nf6 3. cxd5 Nxd5 4. e4 Nf6 5. Nc3 e6 6. a3 Be7 7. Bc4 c6 8. Bf4
Nfd7 9. Qg4 g6 10. Nge2 b5 11. Bb3 Bb7 12. O-O h5 13. Qg3 Bh4 14. Qd3 Bg5 15.
Bxg5 Qxg5 16. f4 Qd8 17. Rf3 Nf6 18. Rg3 a6 19. Nd1 O-O 20. Qc3 Qb6 21. Qe3
Nbd7 22. f5 Ng4 23. Rxg4 hxg4 24. fxe6 Nf6 25. exf7+ Kg7 26. Qg5 c5 27. dxc5
Qd8 28. e5 Ne4 29. Qxd8 Raxd8 30. e6 Nxc5 31. Ba2 Nxe6 32. Bxe6 g5 33. Nec3 Rd2
34. Ne3 Kf6 35. Bxg4 Kxf7 36. Rf1+ Kg8 37. Be6+ 1-0

[Event "LiSB-ch C"]
[Site "Stein"]
[Date "2000.11.25"]
[Round "2"]
[White "Van Rens, Martin"]
[Black "Janssen, Ben"]
[Result "0-1"]
[WhiteElo "1420"]
[BlackElo "1673"]
[PlyCount "74"]
[EventDate "2000.11.25"]
[EventType "swiss"]
[EventRounds "7"]
[EventCountry "NED"]
[Source "P.Boonen"]
[SourceDate "2012.01.01"]

1. e4 c5 2. Nf3 d6 3. d4 cxd4 4. Nxd4 Nf6 5. Nc3 g6 6. Be3 Bg7 7. Qd2 O-O 8.
Bh6 Nc6 9. Bxg7 Kxg7 10. O-O-O Bd7 11. h4 h5 12. f3 Ne5 13. Be2 Rh8 14. Rdf1
Rc8 15. f4 Nc4 16. Bxc4 Rxc4 17. f5 Qb6 18. Nb3 Nxe4 19. Nxe4 Rxe4 20. fxg6
fxg6 21. Qc3+ e5 22. Nd2 Re3 23. Qc4 d5 24. Qxd5 Be6 25. Nc4 Bxd5 26. Nxb6 axb6
27. Re1 Rxe1+ 28. Rxe1 Kf6 29. g3 Rf8 30. a3 Ke6 31. c3 Rf3 32. Rg1 Kf5 33. Rd1
Bc6 34. Rd8 Rxg3 35. Rf8+ Kg4 36. Rf6 Kxh4 37. b4 Kg5 0-1

[Event "LiSB-ch C"]
[Site "Stein"]
[Date "2000.11.26"]
[Round "3"]
[White "Dols, Jos"]
[Black "Van Rens, Martin"]
[Result "0-1"]
[WhiteElo "1562"]
[BlackElo "1420"]
[PlyCount "50"]
[EventDate "2000.11.25"]
[EventType "swiss"]
[EventRounds "7"]
[EventCountry "NED"]
[Source "P.Boonen"]
[SourceDate "2012.01.01"]

1. d4 f5 2. Nf3 g6 3. c4 Bg7 4. Nc3 Nf6 5. Bf4 d6 6. Qc2 c6 7. a3 O-O 8. Bg5
Qe8 9. Bxf6 Bxf6 10. e3 Na6 11. Bd3 Nc7 12. O-O e5 13. dxe5 dxe5 14. e4 f4 15.
b4 g5 16. h3 h5 17. b5 g4 18. hxg4 hxg4 19. Nh2 Qh5 20. g3 f3 21. c5 Rf7 22.
Bc4 Be6 23. Bxe6 Nxe6 24. Qb3 Qh3 25. Qxe6 Qg2# 0-1

[Event "LiSB-ch C"]
[Site "Stein"]
[Date "2000.11.26"]
[Round "3"]
[White "Janssen, Ben"]
[Black "Schoffelen, Jan"]
[Result "1-0"]
[WhiteElo "1673"]
[BlackElo "1285"]
[PlyCount "63"]
[EventDate "2000.11.25"]
[EventType "swiss"]
[EventRounds "7"]
[EventCountry "NED"]
[Source "P.Boonen"]
[SourceDate "2012.01.01"]

1. e4 d5 2. exd5 Qxd5 3. Nc3 Qd8 4. Bc4 e6 5. Nf3 Nc6 6. O-O Bd6 7. d4 Nge7 8.
Bg5 O-O 9. Ne4 Na5 10. Bd3 f5 11. Nxd6 cxd6 12. Qd2 Nac6 13. Rfe1 Qc7 14. c4 b6
15. d5 Ne5 16. Nxe5 dxe5 17. Bxe7 Qxe7 18. Rxe5 Qd6 19. Rae1 Rf6 20. Qe3 Bd7
21. dxe6 Rxe6 22. Rxe6 Bxe6 23. Qxe6+ Qxe6 24. Rxe6 Rd8 25. Re3 f4 26. Rf3 g5
27. g4 h5 28. h3 Re8 29. Kf1 hxg4 30. hxg4 Re7 31. Bf5 Rh7 32. Bxh7+ 1-0

[Event "LiSB-ch C"]
[Site "Stein"]
[Date "2000.11.26"]
[Round "3"]
[White "Te Boekhorst, Rene"]
[Black "Hornix, Mat"]
[Result "0-1"]
[WhiteElo "1342"]
[BlackElo "1512"]
[PlyCount "100"]
[EventDate "2000.11.25"]
[EventType "swiss"]
[EventRounds "7"]
[EventCountry "NED"]
[Source "P.Boonen"]
[SourceDate "2012.01.01"]

1. d4 Nf6 2. Bf4 d5 3. Nc3 e6 4. Nf3 Bd6 5. Bxd6 cxd6 6. e3 a6 7. Bd3 Nc6 8.
Nd2 O-O 9. O-O Re8 10. f4 e5 11. fxe5 dxe5 12. dxe5 Nxe5 13. Nf3 Bg4 14. Be2
Nc4 15. Qd4 Nxe3 16. Rfc1 Qd6 17. Bd3 Bxf3 18. gxf3 Qe5 19. Qxe5 Rxe5 20. Re1
Rae8 21. Kf2 d4 22. Ne4 Nxe4+ 23. Bxe4 Rxe4 24. fxe4 Nxc2 25. Kf3 Nxa1 26. Rxa1
Rd8 27. Ke2 f6 28. Kd3 Kf7 29. Rc1 Ke6 30. Rc7 Rd7 31. Rc4 g5 32. h3 h5 33. Rb4
b5 34. a4 bxa4 35. Rxa4 Rd6 36. Ra5 h4 37. b4 Rb6 38. Kc4 d3 39. Kxd3 Rxb4 40.
Rxa6+ Ke5 41. Ra5+ Kf4 42. Rf5+ Kg3 43. Rxf6 Kxh3 44. e5 g4 45. Kc3 Ra4 46. Rf1
g3 47. e6 Re4 48. Rf6 g2 49. Rf3+ Kh2 50. Rf2 Rxe6 0-1

[Event "LiSB-ch C"]
[Site "Stein"]
[Date "2000.11.26"]
[Round "4"]
[White "Goossens, Frans"]
[Black "Te Boekhorst, Rene"]
[Result "1-0"]
[WhiteElo "1611"]
[BlackElo "1342"]
[PlyCount "40"]
[EventDate "2000.11.25"]
[EventType "swiss"]
[EventRounds "7"]
[EventCountry "NED"]
[Source "P.Boonen"]
[SourceDate "2012.01.01"]

1. d4 d5 2. c4 dxc4 3. Nc3 e6 4. e4 Nc6 5. Nf3 Be7 6. Bxc4 Na5 7. Qa4+ Nc6 8.
d5 exd5 9. exd5 Bd7 10. dxc6 Bxc6 11. Bb5 Qd7 12. Bxc6 bxc6 13. O-O Nf6 14. Rd1
Qe6 15. Ng5 Qc8 16. Qxc6+ Nd7 17. Rxd7 Qxd7 18. Qxa8+ Bd8 19. Qe4+ Be7 20. Be3
O-O 1-0

[Event "LiSB-ch C"]
[Site "Stein"]
[Date "2000.11.26"]
[Round "4"]
[White "Hornix, Mat"]
[Black "Janssen, Ben"]
[Result "0-1"]
[WhiteElo "1512"]
[BlackElo "1673"]
[PlyCount "66"]
[EventDate "2000.11.25"]
[EventType "swiss"]
[EventRounds "7"]
[EventCountry "NED"]
[Source "P.Boonen"]
[SourceDate "2012.01.01"]

1. e4 c5 2. Nf3 d6 3. d4 cxd4 4. Nxd4 Nf6 5. Nc3 g6 6. Bd3 Bg7 7. O-O O-O 8.
Be3 Ng4 9. Qe1 Nxe3 10. fxe3 Nc6 11. Nxc6 bxc6 12. Rb1 Be6 13. b3 Qa5 14. Na4
Qg5 15. Qf2 Be5 16. Kh1 Qh5 17. Qg1 f5 18. exf5 Bxf5 19. Bxf5 Rxf5 20. Rxf5
Qxf5 21. c3 Rf8 22. Qe1 Qf2 23. Qxf2 Rxf2 24. Kg1 Rxa2 25. Kf1 Bxh2 26. Rb2
Rxb2 27. Nxb2 Be5 28. Nd1 Kf7 29. Ke2 Ke6 30. Kd3 d5 31. Nf2 h5 32. e4 g5 33.
exd5+ cxd5 0-1

[Event "LiSB-ch C"]
[Site "Stein"]
[Date "2000.11.26"]
[Round "4"]
[White "Schoffelen, Jan"]
[Black "Dols, Jos"]
[Result "0-1"]
[WhiteElo "1285"]
[BlackElo "1562"]
[PlyCount "60"]
[EventDate "2000.11.25"]
[EventType "swiss"]
[EventRounds "7"]
[EventCountry "NED"]
[Source "P.Boonen"]
[SourceDate "2012.01.01"]

1. d4 Nf6 2. c4 g6 3. Nc3 Bg7 4. e4 O-O 5. Be2 d6 6. Be3 Nbd7 7. Qd2 c6 8. Nf3
Ng4 9. O-O Nxe3 10. fxe3 a6 11. b4 c5 12. bxc5 dxc5 13. e5 b6 14. Ng5 Nxe5 15.
Rfd1 cxd4 16. exd4 Nc6 17. Bf3 Bb7 18. Bxc6 Bxc6 19. Qf4 Bh6 20. h4 f6 21. Ne6
Bxf4 22. Nxd8 Raxd8 23. d5 Bd7 24. Re1 Bd2 25. Rxe7 Bxc3 26. Rb1 Rf7 27. Rxf7
Kxf7 28. Kf1 Bd4 29. Rd1 Bc5 30. Re1 Re8 0-1

[Event "LiSB-ch C"]
[Site "Stein"]
[Date "2000.12.02"]
[Round "5"]
[White "Dols, Jos"]
[Black "Hornix, Mat"]
[Result "1-0"]
[WhiteElo "1562"]
[BlackElo "1512"]
[PlyCount "127"]
[EventDate "2000.11.25"]
[EventType "swiss"]
[EventRounds "7"]
[EventCountry "NED"]
[Source "P.Boonen"]
[SourceDate "2012.01.01"]

1. d4 d5 2. c4 e6 3. a3 Nf6 4. Nc3 c6 5. e3 Be7 6. Qc2 O-O 7. Nf3 h6 8. Bd3
dxc4 9. Bxc4 Nd5 10. Nxd5 exd5 11. Bd3 Nd7 12. h4 Nf6 13. Bd2 Bd7 14. O-O-O Rc8
15. Kb1 Qb6 16. Qa4 c5 17. Qa5 Qxa5 18. Bxa5 b6 19. Be1 Ba4 20. Rc1 c4 21. Bc2
Bxc2+ 22. Rxc2 Bd6 23. Nd2 b5 24. f3 Rfe8 25. Bf2 Re7 26. g4 h5 27. gxh5 Nxh5
28. Rg1 f6 29. e4 Bf4 30. exd5 Re2 31. Ne4 Rxc2 32. Kxc2 Rd8 33. Nc3 a6 34. Rg4
Re8 35. Rg1 Kf7 36. Ne4 Rd8 37. Nc3 Re8 38. Re1 Rxe1 39. Bxe1 f5 40. b3 cxb3+
41. Kxb3 Be3 42. Ne2 Ke7 43. Bb4+ Kd7 44. a4 Bf2 45. axb5 axb5 46. Nc3 Bxd4 47.
Nxb5 Bf2 48. Kc4 Bxh4 49. Nd4 g6 50. Bd2 Be7 51. Ne6 Nf6 52. Bg5 Ng8 53. Bxe7
Nxe7 54. Kc5 Ke8 55. d6 Nc8 56. Kc6 Nxd6 57. Kxd6 Kf7 58. Ke5 Ke7 59. Ng5 f4
60. Kxf4 Kf6 61. Ne4+ Kf7 62. Kg5 Kg7 63. Nc5 Kf7 64. Nd7 1-0

[Event "LiSB-ch C"]
[Site "Stein"]
[Date "2000.12.02"]
[Round "5"]
[White "Janssen, Ben"]
[Black "Goossens, Frans"]
[Result "1-0"]
[WhiteElo "1673"]
[BlackElo "1611"]
[PlyCount "63"]
[EventDate "2000.11.25"]
[EventType "swiss"]
[EventRounds "7"]
[EventCountry "NED"]
[Source "P.Boonen"]
[SourceDate "2012.01.01"]

1. e4 c5 2. Nc3 d6 3. g3 Nf6 4. Bg2 e5 5. Nge2 Nc6 6. d3 h6 7. h3 Be7 8. Be3 a6
9. a4 Bd7 10. O-O O-O 11. Qd2 Qc8 12. Kh2 Rb8 13. f4 Nd4 14. g4 Nxe2 15. Qxe2
exf4 16. Bxf4 g5 17. Bg3 Ne8 18. Nd5 Qd8 19. e5 Be6 20. Nxe7+ Qxe7 21. exd6
Nxd6 22. Qe5 Rbd8 23. Qxc5 Rd7 24. Rae1 Ne8 25. Qe5 Qb4 26. b3 Rc7 27. Qb2 Rd7
28. Rf6 Nxf6 29. Qxf6 Rd5 30. Bxd5 Bxd5 31. Re2 Be6 32. Be5 1-0

[Event "LiSB-ch C"]
[Site "Stein"]
[Date "2000.12.02"]
[Round "5"]
[White "Van Rens, Martin"]
[Black "Schoffelen, Jan"]
[Result "1-0"]
[WhiteElo "1420"]
[BlackElo "1285"]
[PlyCount "81"]
[EventDate "2000.11.25"]
[EventType "swiss"]
[EventRounds "7"]
[EventCountry "NED"]
[Source "P.Boonen"]
[SourceDate "2012.01.01"]

1. e4 d5 2. exd5 Qxd5 3. Nc3 Qd8 4. d4 e6 5. Nf3 Bb4 6. Bd2 Bd7 7. Bc4 Ne7 8.
O-O c5 9. dxc5 Bxc5 10. Re1 Nbc6 11. Bb3 Rb8 12. Ne4 Qb6 13. Bf4 Rd8 14. Nxc5
Qxc5 15. Bc7 Rc8 16. Bd6 Qf5 17. Ba4 Nd5 18. Bxc6 Bxc6 19. Nd4 Qg6 20. Nxc6
bxc6 21. Rc1 Rd8 22. Bc5 Nf4 23. Qf3 Nd5 24. c4 Qf6 25. cxd5 Qxf3 26. gxf3 Rxd5
27. Red1 a6 28. Rxd5 exd5 29. Re1+ Kd7 30. Re7+ Kc8 31. Kf1 Rd8 32. Ra7 Rd7 33.
Rxa6 d4 34. Ra8+ Kc7 35. Ra7+ Kc8 36. Rxd7 Kxd7 37. Bxd4 g6 38. b4 Kd6 39. a4
Kc7 40. Ke2 Kb7 41. Ke3 1-0

[Event "LiSB-ch C"]
[Site "Stein"]
[Date "2000.12.02"]
[Round "6"]
[White "Goossens, Frans"]
[Black "Dols, Jos"]
[Result "1/2-1/2"]
[WhiteElo "1611"]
[BlackElo "1562"]
[PlyCount "46"]
[EventDate "2000.11.25"]
[EventType "swiss"]
[EventRounds "7"]
[EventCountry "NED"]
[Source "P.Boonen"]
[SourceDate "2012.01.01"]

1. d4 d5 2. c4 Nf6 3. Nc3 c6 4. e3 Nbd7 5. Nf3 g6 6. Be2 Bg7 7. O-O O-O 8. Bd2
dxc4 9. Bxc4 Nb6 10. Be2 Bg4 11. Rc1 Bxf3 12. Bxf3 Nc4 13. b4 e5 14. Be1 exd4
15. exd4 Nb6 16. Ne2 Rc8 17. Qb3 Re8 18. Rd1 Qe7 19. Bc3 Nfd5 20. Rfe1 Qd6 21.
a3 Nxc3 22. Qxc3 Nd5 23. Qc5 Qxc5 1/2-1/2

[Event "LiSB-ch C"]
[Site "Stein"]
[Date "2000.12.02"]
[Round "6"]
[White "Hornix, Mat"]
[Black "Van Rens, Martin"]
[Result "0-1"]
[WhiteElo "1512"]
[BlackElo "1420"]
[PlyCount "58"]
[EventDate "2000.11.25"]
[EventType "swiss"]
[EventRounds "7"]
[EventCountry "NED"]
[Source "P.Boonen"]
[SourceDate "2012.01.01"]

1. e4 c5 2. Nf3 Nc6 3. d4 cxd4 4. Nxd4 Nf6 5. Nc3 e5 6. Ndb5 d6 7. Bg5 a6 8.
Na3 Be6 9. Nc4 b5 10. Ne3 Be7 11. Bxf6 Bxf6 12. Ncd5 Bxd5 13. Nxd5 Rc8 14. c3
O-O 15. Be2 Bg5 16. Bg4 Rb8 17. O-O Ne7 18. Nxe7+ Qxe7 19. Qd5 Qc7 20. Rfd1
Rbd8 21. Rd3 Qc5 22. Rad1 Qxd5 23. Rxd5 Be7 24. Kf1 g6 25. Be2 f5 26. Bd3 fxe4
27. Bxe4 Rf4 28. f3 Rdf8 29. g3 Rxe4 0-1

[Event "LiSB-ch C"]
[Site "Stein"]
[Date "2000.12.02"]
[Round "6"]
[White "Te Boekhorst, Rene"]
[Black "Janssen, Ben"]
[Result "0-1"]
[WhiteElo "1342"]
[BlackElo "1673"]
[PlyCount "70"]
[EventDate "2000.11.25"]
[EventType "swiss"]
[EventRounds "7"]
[EventCountry "NED"]
[Source "P.Boonen"]
[SourceDate "2012.01.01"]

1. g3 d5 2. d4 Nf6 3. Nf3 Bf5 4. Bg2 Nc6 5. a3 e6 6. Ne5 Bd6 7. Bf4 O-O 8. Nxc6
bxc6 9. Bxd6 Qxd6 10. Nd2 c5 11. c3 cxd4 12. cxd4 Qb6 13. e3 Qxb2 14. Qc1 Rab8
15. Qxb2 Rxb2 16. f3 Bd3 17. Bf1 Bc2 18. Be2 Rfb8 19. Bd1 Nd7 20. Bxc2 Rxc2 21.
Ke2 Rbb2 22. Rhd1 Nb6 23. Kd3 c5 24. dxc5 Rxc5 25. Rac1 Rxc1 26. Rxc1 Ra2 27.
Ke2 Nc4 28. Rb1 Rxd2+ 29. Ke1 Rb2 30. Rc1 Kf8 31. e4 Rxh2 32. Rc3 Ke7 33. exd5
exd5 34. a4 Kd6 35. f4 Ra2 0-1

[Event "LiSB-ch C"]
[Site "Stein"]
[Date "2000.12.03"]
[Round "7"]
[White "Dols, Jos"]
[Black "Te Boekhorst, Rene"]
[Result "1/2-1/2"]
[WhiteElo "1562"]
[BlackElo "1342"]
[PlyCount "118"]
[EventDate "2000.11.25"]
[EventType "swiss"]
[EventRounds "7"]
[EventCountry "NED"]
[Source "P.Boonen"]
[SourceDate "2012.01.01"]

1. d4 d5 2. c4 Nf6 3. Nc3 e6 4. a3 b6 5. Bg5 c6 6. e4 dxc4 7. Bxc4 Be7 8. e5
Nfd7 9. Bxe7 Qxe7 10. b4 b5 11. Bd3 Bb7 12. Be4 Nb6 13. Nxb5 cxb5 14. Bxb7 Qxb7
15. Nf3 Qe4+ 16. Qe2 Qxe2+ 17. Kxe2 O-O 18. Rhc1 N8d7 19. Rc7 Rfc8 20. Rac1
Rxc7 21. Rxc7 g6 22. Nd2 a5 23. Ne4 axb4 24. axb4 Ra2+ 25. Kf3 Ra3+ 26. Ke2 h5
27. Rb7 Ra6 28. Nc5 Nxc5 29. dxc5 Ra2+ 30. Kf3 Ra3+ 31. Ke2 Nd5 32. Kd2 Nxb4
33. Rxb5 Nd5 34. Kc2 Ra2+ 35. Rb2 Ra5 36. Rb8+ Kg7 37. Rc8 Ra2+ 38. Kb3 Rxf2
39. Rd8 Nc7 40. c6 Re2 41. Rd7 Na6 42. c7 Nxc7 43. Rxc7 Rxg2 44. Rc2 Rg5 45.
Re2 Rf5 46. Kc3 g5 47. Kd4 g4 48. Rg2 Rf4+ 49. Ke3 Ra4 50. Rd2 Kg6 51. Rf2 Kg5
52. Rxf7 Kh4 53. Rf6 Ra2 54. Rxe6 Rxh2 55. Rf6 Rh1 56. Ke2 Ra1 57. e6 Ra6 58.
e7 Rxf6 59. e8=Q Rf3 1/2-1/2

[Event "LiSB-ch C"]
[Site "Stein"]
[Date "2000.12.03"]
[Round "7"]
[White "Schoffelen, Jan"]
[Black "Hornix, Mat"]
[Result "0-1"]
[WhiteElo "1285"]
[BlackElo "1512"]
[PlyCount "92"]
[EventDate "2000.11.25"]
[EventType "swiss"]
[EventRounds "7"]
[EventCountry "NED"]
[Source "P.Boonen"]
[SourceDate "2012.01.01"]

1. d4 d5 2. c4 e6 3. cxd5 exd5 4. a3 Nf6 5. Bg5 Bf5 6. Nc3 c6 7. e3 Be7 8. Bxf6
Bxf6 9. Qb3 Qb6 10. Qxb6 axb6 11. b4 O-O 12. Be2 Nd7 13. Nf3 Rfe8 14. O-O Ra7
15. Nd2 Rea8 16. Ndb1 b5 17. Ra2 Nb6 18. Rd1 Be7 19. Rdd2 Bxb1 20. Nxb1 Bxb4
21. Rdc2 Bxa3 22. Nc3 Bb4 23. Rxa7 Rxa7 24. f3 Bxc3 25. Rxc3 Ra4 26. Kf1 Nc4
27. Ke1 Ra3 28. Rxa3 Nxa3 29. Kd1 Nc4 30. e4 dxe4 31. fxe4 Ne3+ 32. Kd2 Nxg2
33. d5 cxd5 34. exd5 Nf4 35. Bf3 Kf8 36. d6 Ke8 37. Bxb7 Kd7 38. Be4 Kxd6 39.
Bxh7 g6 40. Kc3 Nd5+ 41. Kd4 Nf6 42. Bxg6 fxg6 43. h4 b4 44. Kc4 Nd5 45. Kb3
Ke5 46. Kc4 Kf4 0-1

[Event "LiSB-ch C"]
[Site "Stein"]
[Date "2000.12.03"]
[Round "7"]
[White "Van Rens, Martin"]
[Black "Goossens, Frans"]
[Result "1-0"]
[WhiteElo "1420"]
[BlackElo "1611"]
[PlyCount "77"]
[EventDate "2000.11.25"]
[EventType "swiss"]
[EventRounds "7"]
[EventCountry "NED"]
[Source "P.Boonen"]
[SourceDate "2012.01.01"]

1. e4 c5 2. Nf3 d6 3. d4 cxd4 4. Nxd4 Nf6 5. Nc3 a6 6. Bd3 e5 7. Nb3 Be7 8. O-O
O-O 9. Ne2 Nc6 10. c3 Bg4 11. Be3 Rc8 12. f3 Be6 13. Rc1 Na5 14. Nd2 Nd7 15.
Ng3 Bg5 16. Bf2 Nc4 17. Bxc4 Bxd2 18. Bxe6 Bxc1 19. Bxd7 Qxd7 20. Qxc1 d5 21.
Rd1 d4 22. Qb1 Rc4 23. Qd3 b5 24. b3 Rc6 25. cxd4 exd4 26. Qxd4 Qxd4 27. Rxd4
Rc1+ 28. Nf1 Rc2 29. a4 bxa4 30. Rxa4 Rb2 31. Rxa6 Rxb3 32. Ra2 f6 33. Re2 Rd8
34. Ne3 Rb1+ 35. Be1 g6 36. Kf2 h5 37. f4 g5 38. fxg5 fxg5 39. h3 1-0

[Event "LiSB-ch"]
[Site "Stein"]
[Date "2000.11.25"]
[Round "1"]
[White "Dambacher, Martijn"]
[Black "Peric, Mijo"]
[Result "1-0"]
[WhiteElo "2256"]
[BlackElo "1842"]
[PlyCount "129"]
[EventDate "2000.11.25"]
[EventType "swiss"]
[EventRounds "7"]
[EventCountry "NED"]
[Source "P.Boonen"]
[SourceDate "2012.01.01"]

1. e4 e5 2. Nf3 Nc6 3. Bb5 a6 4. Ba4 Nf6 5. O-O b5 6. Bb3 Nxe4 7. d4 d5 8. dxe5
Be6 9. Nbd2 Bc5 10. Qe2 Bg4 11. Nxe4 Nd4 12. Qd3 dxe4 13. Qxe4 Bf5 14. Qe3 O-O
15. Nxd4 Qxd4 16. Qg5 Qe4 17. Bf4 h6 18. Qg3 g5 19. Bd2 Rad8 20. Rae1 Qg4 21.
Qxg4 Bxg4 22. Be3 Be7 23. h3 Be6 24. Rd1 Bxb3 25. axb3 f5 26. f4 Kg7 27. Rxd8
Bxd8 28. Ra1 gxf4 29. Bxf4 Bg5 30. Bxg5 hxg5 31. Rxa6 Re8 32. e6 Kf6 33. Kf2
Rd8 34. Rc6 Rd2+ 35. Kf3 g4+ 36. hxg4 fxg4+ 37. Kg3 Re2 38. b4 Re4 39. c3 Re2
40. b3 Kf5 41. c4 Re3+ 42. Kf2 Kf4 43. cxb5 g3+ 44. Kf1 Kf5 45. b6 cxb6 46.
Rxb6 Kf6 47. b5 Rxb3 48. Ke2 Ke7 49. Rb8 Kxe6 50. b6 Kf7 51. Kd2 Ke7 52. b7 Kd7
53. Rg8 Rxb7 54. Rg7+ Kc6 55. Rxb7 Kxb7 56. Ke3 Kc7 57. Kf4 Kd7 58. Kxg3 Ke6
59. Kg4 Kf6 60. Kh5 Kg7 61. Kg5 Kh7 62. Kf6 Kg8 63. g4 Kh7 64. g5 Kg8 65. Kg6
1-0